000 00424nam a2200169Ia 4500
008 230524s9999 xx 000 0 und d
020 _a8120308484
082 _a4.165
_bRAF
100 _aMohamad Rafiquzzaman
_912048
245 0 _aMicroprocessors and Microcomputer
250 _a6TH
260 _aNEW DELHI
_bUniversal
_c1998
300 _aXVII;1075
500 _aQuantity Number: 1
650 _aComp-Sc
942 _cBK
999 _c16759
_d16759